[Event "Asnieres Challenge blitz"]
[Site "Asnieres sur Seine"]
[Date "2017.06.10"]
[Round "1.4"]
[White "Ahmed Holi Ali, Moawia"]
[Black "Mathe, Florian"]
[Result "1-0"]
[WhiteElo "2280"]
[BlackElo "1660"]
[PlyCount "87"]
[EventDate "2017.06.10"]
[EventType "swiss (blitz)"]
[EventRounds "15"]
[EventCountry "FRA"]
[SourceTitle "EXT 2024"]
[Source "ChessBase"]
[SourceDate "2023.10.10"]
[SourceVersion "1"]
[SourceVersionDate "2023.10.10"]
[SourceQuality "1"]

1. e4 e5 2. Nf3 Nc6 3. d4 exd4 4. Bc4 d6 5. c3 d3 6. Qxd3 Be7 7. Bf4 Nf6 8. Nbd2 a6 9. 0-0-0 Be6 10. Bxe6 fxe6 11. Qc4 Qd7 12. Rhe1 0-0-0 13. Ng5 d5 14. exd5 exd5 15. Qe2 Rde8 16. Qe6 h6 17. Qxd7+ Kxd7 18. Ne6 Bd6 19. Bxd6 Kxd6 20. Nxg7 Rxe1 21. Rxe1 Rg8 22. Re6+ Kd7 23. Rxf6 Rxg7 24. g3 Rh7 25. f4 h5 26. Nf3 Ke7 27. Rg6 Kf7 28. f5 Ne7 29. Ng5+ Ke8 30. Nxh7 Nxg6 31. fxg6 Ke7 32. h3 c5 33. Kd2 b5 34. Ke3 a5 35. g4 h4 36. Ng5 Kf6 37. Nf3 Kxg6 38. Nxh4+ Kg5 39. Nf3+ Kg6 40. h4 b4 41. cxb4 axb4 42. h5+ Kg7 43. g5 d4+ 44. Nxd4 1-0